Pays avec le plus de guerres contre la France - Statistiques

Statistiques générales
  • Ce quiz a été pris 3 713 fois
  • Le résultat moyen est 8 sur 10
Statistiques - réponses
Nombre de guerres contre la France Pays % Correct
24 Allemagne
99%
25 Royaume-Uni
97%
22 Espagne
96%
6 Italie
96%
10 Russie
96%
15 Autriche
81%
8 Portugal
81%
8 Pays-Bas
72%
5 Hongrie
58%
7 Suède
56%
Aucun quiz correspondant
Distribution des résultats
% des personnes avec chaque résultat
Percentile par nombre de réponses
Votre historique - résultats
Vous n’avez pas pris ce quiz